Rosa Parks Quiz - Statistics

General Stats
  • This quiz has been taken 52 times
  • The average score is 3 of 8
Answer Stats
Question Answer % Correct
Vehicle that she created a boycott on Bus
95%
She has done civil rights movements with this other activist Martin Luther King jr.
68%
City where the boycott occurred Montgomery
53%
City where she died in 2005 Detroit
37%
Her husband who died in 1977 Raymond Parks
21%
City she was born in Tuskegee
21%
Finish her famous quote: The only tired I was, was tired of ______ __ Giving in
13%
In 1999 she made a cameo appearance on this TV series Touched by an Angel
5%
No matching quizzes found
Score Distribution
Percent of People with Each Score
Percentile by Number Answered
Your Score History
You have not taken this quiz